Central Library OPAC University of Rajshahi

The progress of capitalism in England / (Record no. 43565)

MARC details
000 -LEADER
fixed length control field 00764nam a2200229 a 4500
001 - CONTROL NUMBER
control field 43565
003 - CONTROL NUMBER IDENTIFIER
rucl marc code BD-RjUL
005 - DATE AND TIME OF LATEST TRANSACTION
control field 20211209053721.0
008 - FIXED-LENGTH DATA ELEMENTS--GENERAL INFORMATION
fixed length control field 160625r19251916enk e b 001 0 eng d
035 ## - SYSTEM CONTROL NUMBER
System control number (BD-RjUL)43683
040 ## - CATALOGING SOURCE
Original cataloging agency NUWS:W
Language of cataloging eng
Modifying agency ANL
Transcribing agency BD-RjUL
041 ## - LANGUAGE CODE
Language code of text/sound track or separate title eng
082 00 - DEWEY DECIMAL CLASSIFICATION NUMBER
Classification number 330.1220941
Edition number 20
Author mark and year CUP 1925
100 1# - MAIN ENTRY--PERSONAL NAME
Personal name Cunningham, W.
Fuller form of name (William),
Dates associated with a name 1849-1919.
9 (RLIN) 133828
245 14 - TITLE STATEMENT
Title The progress of capitalism in England /
Statement of responsibility, etc. by W. Cunningham
260 ## - PUBLICATION, DISTRIBUTION, ETC. (IMPRINT)
Place of publication, distribution, etc. Cambridge :
Name of publisher, distributor, etc. University Press,
Date of publication, distribution, etc. c1916 [Reprinted 1925]
300 ## - PHYSICAL DESCRIPTION
Pagination xi, 144 p. ;
Size 20 cm.
504 ## - BIBLIOGRAPHY, ETC. NOTE
Bibliography, etc Includes Bibliography:( p. 136-142) and index
650 #0 - SUBJECT ADDED ENTRY--TOPICAL TERM
Topical term or geographic name as entry element Capitalism
Geographic subdivision Great Britain.
9 (RLIN) 133829
651 #0 - SUBJECT ADDED ENTRY--GEOGRAPHIC NAME
Geographic name Great Britain
General subdivision Social conditions
Chronological subdivision 19th century.
9 (RLIN) 133830
942 ## - ADDED ENTRY ELEMENTS (KOHA)
Source of classification or shelving scheme Dewey Decimal Classification
Koha item type Books
Holdings
Lost status Source of classification or shelving scheme Damaged status Not for loan Collection code Permanent Location Current Location Shelving location Date acquired Source of acquisition Cost, normal purchase price Total Checkouts Full call number Date last seen Copy number Koha item type
  Dewey Decimal Classification     Non-fiction Central Library, University of Rajshahi Central Library, University of Rajshahi   30/11/1957 Pak American comm 7.14   330.1220941 CUP 1925 25/06/2016 C-2 Books